000 00676nam a2200241 i 4500
001 bgj
100 1 _aBIESTERFELD, Wolfgang.
245 1 0 _aDie literarische Utopie /
_cWolfgang Biesterfeld.
260 _aStuttgart :
_bJ. B. Metzlersche Verlagbuchhandlung,
_c1974.
300 _aXIII, 94 S. ;
_c19 cm.
490 1 _aSammlung Metzler ;
_v127
504 _aBibliographie.
505 _aRegister.
650 9 _aUtopie
_xGeschichte
650 9 _aUtopische Literatur
_xGeschichte
650 9 _aScience fiction
650 9 _aZukunftsroman
830 _aSammlung Metzler ;
040 _cBPK
041 0 _ager
942 _cKS
008 s gw f |000 0 ger
999 _c50465
_d50465
856 _uhttp://koha.tu.koszalin.pl/cgi-bin/koha/opac-detail.pl?biblionumber=50465
_yKatalog online BPK